000 00759nam a2200241 4500
003 OSt
005 20260601171010.0
008 260418b1994\\\\nyua||||\||||\00|\0\eng\d
020 _a0942604350
040 _aICI
_bspa
_cICI
041 _aeng
050 1 _aNK1510
_bD47 1994
245 1 _aDesigning & planning environmental graphics /
_ceditor Wayne Hunt.
264 _bMadison Square Press,
_c1994
_aNew York :
300 _a192 páginas :
_bilustraciones (algunas a color)
336 _atexto
_2rdacontent
337 _asin medio
_2rdamedia
338 _avolumen
_2rdacarrier
650 _2lemane
_aDiseño gráfico (Tipografía)
650 _2lemane
_aSeñales y señalización
_xDiseño
_932868
700 _aHunt, Wayne,
_eeditor
_932869
942 _2lcc
_cB
999 _c20439
_d20439